000 00270nam a2200121Ia 4500
008 191201s1973 xx 000 0 und d
100 _aHARRIS, Thomas
245 0 _aI'm Ok, You're Ok
260 _aN.Delhi
_bIBD
_c1973
300 _a317
650 _aMBA
942 _2ddc
_cBK
999 _c2897
_d2897